El cambio, un desafío para la acción pastoral de la iglesia
Enregistré dans:
| Auteur principal: | |
|---|---|
| Format: | Livre |
| Langue: | espagnol |
| Publié: |
Salamanca
Universidad Pontificia de Salamanca
2003
|
| Collection: | Sección de Teología Práctica
|
| Sujets: | |
| Tags: |
Ajouter un tag
Pas de tags, Soyez le premier à ajouter un tag!
|
MARC
| LEADER | 00000nam a2200000 a 4500 | ||
|---|---|---|---|
| 001 | UCL9269 | ||
| 003 | CL-VaPUC | ||
| 008 | 040730e20030000SP |||||||||||||||||spa|d | ||
| 082 | 0 | 4 | |a 268 |b AGU |2 21 |
| 100 | 0 | |a Aguado Martínez, Angel |e author |9 487088 | |
| 245 | 1 | 3 | |a El cambio, un desafío para la acción pastoral de la iglesia |
| 300 | |a 106 p | ||
| 942 | |c BK | ||
| 945 | |d 20040730 00:00:00 |a cmena | ||
| 260 | |a Salamanca |b Universidad Pontificia de Salamanca |c 2003 | ||
| 500 | |a Extracto de tesis presentada para la obtención del grado de Doctor | ||
| 650 | 0 | |a Educación religiosa |9 308312 | |
| 650 | 7 | |a EVANGELIZACION |2 CL-VaPUC |9 487089 | |
| 650 | 0 | |a Teología social de la Iglesia |9 378196 | |
| 650 | 0 | |a Cambio social |9 256857 | |
| 583 | |a last modification |c 20040730 00:00:00 |k Rodrigo Vera | ||
| 490 | 0 | |a Sección de Teología Práctica | |
| 999 | |c 310131 |d 310129 | ||
| 952 | |0 0 |1 0 |4 0 |6 268_000000000000000_AGU_2003 |7 0 |8 A |9 378284 |a BIBEDU |b BIBEDU |d 2019-11-21 |i 404360K |o 268 AGU 2003 |p 404360K |r 2019-11-21 |w 2019-11-21 |y BK |k FIL | ||